000 00431nam a2200181Ia 4500
008 090123s9999 xx 000 0 und d
082 _b35596
100 _aENID BLYTON
245 _aFIVE GO OFF IN A CARAVAN
250 _a0
260 _bA GREEN NIGHT BOOK
300 _a190
600 _aENID BLYTON
630 _aFIVE GO OFF IN A CARAVAN
700 _aENID BLYTON
730 _aFIVE GO OFF IN A CARAVAN
942 _cBOOK
999 _c73663
_d73663